Gims Discographie - Statistiques

Statistiques générales
  • Ce quiz a été pris 350 fois
  • Le résultat moyen est 38 sur 182
Statistiques - réponses
Subliminal % Correct
Bella
82%
J'me tire
76%
Zombie
74%
Est-ce que tu m'aimes ?
69%
Sapés comme jamais (ft Niska)
68%
Spider (ft Dystinct)
64%
Brisé
57%
Changer
57%
Caméléon
50%
Caméléon - Remix (ft QUincy)
50%
Sois pas timide
50%
La même (ft Vianney)
48%
One Shot (ft Dry)
47%
Je te pardonne
45%
Je te pardonne (ft Sia)
45%
Tout donner
44%
Intro
43%
Intro (ft Sexion d'Assaut & Dawala)
43%
Tu vas me manquer
43%
Laissez passer
42%
Corazón
41%
Corazón - Remix (ft Lil Wayne)
41%
Corazón - Remix (ft Lil Wayne & French Montana)
41%
Meurtre par strangulation
41%
Hola Señorita (Maria) (ft Maluma)
40%
Mon cœur avait raison
38%
Ma beauté
37%
Loup-Garou (ft Sofiane)
36%
Où aller
36%
Reste (ft Sting)
36%
Ça marche (ft The Shin Sekaï)
34%
10/10 (ft Dadju & Alonzo)
32%
Mi Gna (ft Super Sako & Hayko)
32%
Le pire
30%
Warano-Style
30%
Bella Ciao (Naestro ft Vitaa, Dajdu & Slimane)
27%
Boucan (ft DJ LastOne & Jul)
27%
Épuisé
27%
Loco (ft Lossa)
26%
Vent du Nord
26%
VQ2PQ
26%
Belle (ft Dadju & Slimane)
25%
Miami Vice
25%
Malheur, malheur
24%
ABCD
23%
Longue vie (ft Lefa)
23%
Seya (ft Morad)
23%
Terminal 2F (ft Dadju)
23%
Jusqu'ici tout va bien
22%
Loin (ft Dany Synthé)
22%
Où est ton arme (ft Maska)
22%
Tant pis
22%
Après-vous madame (ft Soolking)
21%
La chute
21%
Cadeaux
20%
Fuegolando
20%
Gunshot
20%
Habibi
20%
Hasta Luego
20%
Jasmine
20%
Outsider (ft Bedjik, Dadju & Xgangs)
20%
San Goku
20%
Tu ne le vois pas (ft Dadju)
20%
Entre nous c'est mort
19%
GJS (ft Jul & SCH)
19%
Interlude
19%
Maintenant
19%
Mama
19%
Pas touché (ft Pitbull)
19%
Monstre Marin
18%
Number One (ft H-Magnum)
18%
Close Your Eyes (ft Jr O Crom)
17%
Contradiction (ft Barack Adama)
17%
La nuit c'est fait pour dormir (ft Orelsan & H-Magnum)
17%
Le prix à payer
17%
À la base
16%
Anakin
16%
Ça décoiffe (ft Black M & Jr O Crom)
16%
Merci maman
16%
Oulala
16%
Prends ma main (ft Vitaa)
16%
Sans rétro (ft Dadju)
16%
Thémistocle
16%
60%
15%
Ana Fi Dar
15%
Appelez la police (ft MHD)
15%
Ceci n'est pas du rap (ft Niro)
15%
Côté noir (ft Leto)
15%
Demain (ft Carla Bruni)
15%
De Marseille à Paris (ft Bedjik, Dr. Beriz, H-Magnum & Soprano)
15%
Laisse tomber (ft Dr. Beriz & Insolent)
15%
Les roses ont des épines
15%
Naïf
15%
PS
15%
Saint-Tropez
15%
Tu m'as dit (ft Bedjik)
15%
Yolo
15%
Angelina (ft Laurent Twins)
14%
Carbo
14%
Only You (ft Dhurata Dora)
14%
Origami (ft X Nilo Virus)
14%
Tu reviendras
14%
150
13%
Avec tes mains
13%
C'est quoi l'del (ft Nekfeu)
13%
Christophe (ft Orelsan)
13%
Horizon
13%
Immortel
13%
La Main du roi
13%
Mayweather (ft Djuna Family)
13%
Melynda Gates
13%
Mon cœur meurtri
13%
Pirate (ft J. Balvin)
13%
Señorita (ft Rayvanny)
13%
Te amo (ft Tayc)
13%
T'es partie
13%
Thomas Shelby
13%
Bonita
12%
Chien de la casse
12%
Everytime
12%
Jetez pas l'œil (ft Vald)
12%
Le Barillet
12%
Nos valeurs
12%
Oro Jackson (ft Gazo)
12%
Paname
12%
Pense à moi
12%
Skyfall
12%
You Lose
12%
Comme une ombre
11%
La vérité
11%
MG
11%
Tu m'as mis dans la merde
11%
Vagabond
11%
Cash cache
10%
Dans la cité
10%
En secret (ft Vitaa)
10%
GPB
10%
Grosse Bleta (ft Kaaris)
10%
Je t'en veux
10%
Ma douce (ft Baby Gang)
10%
Mets-moi bien
10%
OATS (ft Boumidjal X)
10%
Ça fait mal (ft Naza)
9%
C'est fini - Arabic Version (ft Mohamed Ramadan)
9%
C'est fini (ft Mohamed Ramadan)
9%
Comme si
9%
Enfants de la patrie (ft Naps)
9%
Hernan Cortes
9%
Je sais qui t'es
9%
Lo Mismo (ft Álvaro Soler)
9%
Ma bébé
9%
Na Lingui Yo
9%
Og na Og
9%
Pendejo (ft Bosh)
9%
Si te llamo (ft Maluma)
9%
Te Quiero (ft DJ Assad & Dhurata Dora)
9%
Uzi (ft Jr O Crom & Doomams)
9%
Very Bad Trip
9%
Ambassadrice
8%
Blessé
8%
C'est comme ça
8%
Dans ma tête (ft Jaekers)
8%
Dayé
8%
Dévoilé (ft Inso le Véritable)
8%
Je n'ai rien promis
8%
Longer les murs
8%
Ma cabeza
8%
Sans limite
8%
Sicario (ft Heuss l'Endoiré)
8%
Sofitelo
8%
Tu me l'avais promis
8%
Twenny Twenny (ft Tifyala)
8%
Richard Mille (ft Insolent)
7%
Sans arrêt
7%
Dis-moi tout
6%
Joe Pesci (ft Inso Le Véritable)
4%
Laissez-nous tranquille
2%
Freedom (ft H-Magnum)
0%
Aucun quiz correspondant
Distribution des résultats
% des personnes avec chaque résultat
Percentile par nombre de réponses
Votre historique - résultats
Vous n’avez pas pris ce quiz